书目信息 |
| 题名: |
建筑工程材料检测实训
|
|
| 作者: | 闫瑞兰 , 要强强 主编 | |
| 分册: | ||
| 出版信息: | 镇江 江苏大学出版社 2014 |
|
| 页数: | 171页 | |
| 开本: | 26cm | |
| 丛书名: | ||
| 单 册: | ||
| 中图分类: | TU502 | |
| 科图分类: | ||
| 主题词: | 建筑材料--检测--高等职业教育--教材 , 建筑材料 | |
| 电子资源: | ||
| ISBN: | 978-7-81130-659-0 | |
| 000 | 01024nam0 2200253 450 | |
| 001 | 142357 | |
| 005 | 20141220164324.10 | |
| 010 | @a978-7-81130-659-0@dCNY 26.00 | |
| 100 | @a20140515d2014 em y0chiy50 ea | |
| 101 | 0 | @achi |
| 102 | @aCN@b320000 | |
| 105 | @ay z 000yy | |
| 200 | 1 | @a建筑工程材料检测实训@9jian zhu gong cheng cai liao jian ce shi xun@b专著@f闫瑞兰,要强强主编 |
| 210 | @a镇江@c江苏大学出版社@d2014 | |
| 215 | @a171页@d26cm | |
| 300 | @a高等职业教育“十二五”规划教材 | |
| 330 | @a本书主要介绍了砂石材料试验、石灰和水泥试验、水泥混凝土和砂浆试验、沥青材料试验、沥青混合料试验、钢材试验等检测试验内容。试验内容符合现行国家规范及行业标准,从适应工程建设需要出发,选取相关试验项目,介绍试验目的与适用范围、仪器设备与试验准备、试验步骤、试验数据整理等内容。 | |
| 606 | 0 | @a建筑材料@x检测@x高等职业教育@j教材 |
| 606 | 0 | @a建筑材料 |
| 690 | @aTU502@v5 | |
| 701 | 0 | @a闫瑞兰@9yan rui lan@4主编 |
| 701 | 0 | @a要强强@9yao qiang qiang@4主编 |
| 801 | 0 | @aCN@bZL@c20141220 |
| 905 | @a241430@dTU502@eY031 | |
| 建筑工程材料检测实训/闫瑞兰,要强强主编.-镇江:江苏大学出版社,2014 |
| 171页;26cm |
| 高等职业教育“十二五”规划教材 |
| ISBN 978-7-81130-659-0:CNY 26.00 |
| 本书主要介绍了砂石材料试验、石灰和水泥试验、水泥混凝土和砂浆试验、沥青材料试验、沥青混合料试验、钢材试验等检测试验内容。试验内容符合现行国家规范及行业标准,从适应工程建设需要出发,选取相关试验项目,介绍试验目的与适用范围、仪器设备与试验准备、试验步骤、试验数据整理等内容。 |
| ● |
| 相关链接 |
|
|
|
正题名:建筑工程材料检测实训
索取号:TU502/Y031
 
预约/预借
| 序号 | 登录号 | 条形码 | 馆藏地/架位号 | 状态 | 备注 |
| 1 | 1134682 | 211346827 | 建筑库201/201建筑库 5排3列1层/ [索取号:TU502/Y031] | 在馆 | |
| 2 | 1134683 | 211346836 | 建筑库201/201建筑库 5排3列1层/ [索取号:TU502/Y031] | 在馆 | |
| 3 | 1134684 | 211346845 | 建筑库201/201建筑库 5排3列1层/ [索取号:TU502/Y031] | 在馆 |